La filosofía política de Jean Paul Sartre
Guardat en:
| Autor principal: | |
|---|---|
| Format: | Llibre |
| Idioma: | espanyol |
| Publicat: |
León
Colegio Universitario de León
1980
|
| Col·lecció: | Publicaciones, 17
|
| Matèries: | |
| Etiquetes: |
Afegir etiqueta
Sense etiquetes, Sigues el primer a etiquetar aquest registre!
|
MARC
| LEADER | 00000nam a2200000 a 4500 | ||
|---|---|---|---|
| 001 | UCS8814 | ||
| 003 | CL-VaPUC | ||
| 008 | 971107e19800000SP |||||||||||||||||spa|d | ||
| 082 | 0 | 4 | |a 320.091 |b BAR |2 21 |
| 100 | 0 | |a Barrigón Vázquez, José Luis |e author |9 393671 | |
| 245 | 1 | 3 | |a La filosofía política de Jean Paul Sartre |
| 300 | |a 341 p | ||
| 942 | |c BK | ||
| 945 | |d 19971107 00:00:00 |a aolguin | ||
| 260 | |a León |b Colegio Universitario de León |c 1980 | ||
| 600 | 0 | 7 | |a SARTRE, JEAN PAUL |2 CL-VaPUC |9 269377 |
| 650 | 7 | |a FILOSOFIA POLITICA |2 CL-VaPUC |9 393672 | |
| 650 | 0 | |a Ontología |9 256850 | |
| 650 | 0 | |a Moral |9 265913 | |
| 650 | 0 | |a Existencialismo |9 265698 | |
| 650 | 0 | |a Filosofía de la historia |9 265651 | |
| 650 | 7 | |a MARXISMO |2 CL-VaPUC |9 393673 | |
| 583 | |a last modification |c 20160913 03:34:42 |k Rodrigo Vera | ||
| 490 | 0 | |a Publicaciones, 17 | |
| 999 | |c 263022 |d 263020 | ||
| 952 | |0 0 |1 0 |4 0 |6 320_091000000000000_BAR_1980 |7 0 |8 DER_TF |9 292102 |a BIBDER |b BIBDER |d 2019-11-19 |i 1897454 |l 1 |o 320.091 BAR 1980 |p 1897454 |r 2023-01-25 |s 2020-03-17 |w 2019-11-19 |x Ubicación 4to Piso |y BK |z Estos recursos deben solicitarse con anticipación |k DER | ||